[Event "H.C Andersen Open"]
[Site "Odense"]
[Date "2013.05.12"]
[Round "3"]
[White "Erikstad, Olav Age"]
[Black "Nielsen, Thomas"]
[Result "0-1"]
[WhiteElo "1836"]
[BlackElo "1628"]
[PlyCount "140"]
[EventDate "2013.05.08"]
[EventType "swiss"]
[EventRounds "9"]
[EventCountry "DEN"]
[SourceTitle "CBM 154 Extra"]
[Source "ChessBase"]
[SourceDate "2013.06.25"]

1. d4 f5 2. c4 Nf6 3. Nf3 g6 4. Nc3 Bg7 5. Bf4 d6 6. e3 O-O 7. Be2 Nbd7 8. Ng5
Nb6 9. c5 Nbd5 10. Bc4 e6 11. Bg3 h6 12. Nf3 Nxc3 13. bxc3 dxc5 14. Qb3 Qe7 15.
Ne5 Qe8 16. Rd1 Ne4 17. Nd3 Nd6 18. Bxd6 cxd6 19. dxc5 d5 20. Bb5 Bd7 21. Bxd7
Qxd7 22. O-O Rac8 23. c4 Qf7 24. cxd5 exd5 25. Rb1 Rc7 26. Nf4 Rxc5 27. Qxb7
Qxb7 28. Rxb7 Rf7 29. Rb8+ Kh7 30. Ne6 Ra5 31. Nxg7 Kxg7 32. Rb2 Rc7 33. Rd1
Kf6 34. Kf1 Rac5 35. Rbd2 Ke6 36. Ke2 Rc2 37. Kf3 Rxd2 38. Rxd2 Ke5 39. Ke2 Rd7
40. Rd4 g5 41. g3 Rc7 42. Kd2 Rc4 43. f4+ gxf4 44. gxf4+ Kd6 45. Rd3 Kc5 46.
Ra3 d4 47. Rxa7 dxe3+ 48. Kxe3 Rc3+ 49. Kd2 Rh3 50. a4 Kd4 51. Ke2 Ke4 52. Kf2
Kxf4 53. Kg2 Ra3 54. a5 Ra2+ 55. Kh3 Kf3 56. a6 f4 57. Ra8 Ra5 58. Kh4 Kg2 59.
a7 Kf2 60. Kg4 f3 61. Rf8 h5+ 62. Kh4 Rxa7 63. Kxh5 Ra3 64. Rb8 Kg2 65. Rf8 f2
66. Rg8+ Kf1 67. Re8 Rh3+ 68. Kg4 Rxh2 69. Kf3 Rh3+ 70. Ke4 Kg2 0-1

[Event "H.C Andersen Open"]
[Site "Odense"]
[Date "2013.05.12"]
[Round "3"]
[White "Hamann, Brian"]
[Black "Eriksson, Christian Altenburg"]
[Result "1/2-1/2"]
[WhiteElo "1877"]
[BlackElo "2156"]
[PlyCount "101"]
[EventDate "2013.05.08"]
[EventType "swiss"]
[EventRounds "9"]
[EventCountry "DEN"]
[SourceTitle "CBM 154 Extra"]
[Source "ChessBase"]
[SourceDate "2013.06.25"]

1. d4 d5 2. Nf3 Nf6 3. Bf4 c5 4. e3 Nc6 5. c3 Qb6 6. Qb3 c4 7. Qxb6 axb6 8.
Nbd2 b5 9. Be2 e6 10. O-O Be7 11. a3 O-O 12. h3 Bd7 13. Ne5 Nxe5 14. Bxe5 Bc6
15. Rad1 Nd7 16. Bg3 Nb6 17. Nf3 f6 18. Nd2 Kf7 19. f4 g6 20. Bf3 b4 21. cxb4
c3 22. bxc3 Rxa3 23. Rc1 Bb5 24. Rfd1 Rc8 25. Nb1 Ra1 26. e4 Bc6 27. e5 f5 28.
Be2 Ba4 29. Re1 Ra2 30. Bd3 Bb3 31. Bf2 g5 32. Be3 Bc4 33. Bf1 gxf4 34. Bxf4
Rg8 35. Nd2 Bh4 36. Red1 Bxf1 37. Kxf1 Rc8 38. g3 Be7 39. h4 Ra3 40. Nb1 Ra2
41. Nd2 Rb2 42. Ke2 Na4 43. Kd3 b5 44. Nb1 Rb3 45. Kd2 Rc4 46. Be3 Rxb1 47.
Rxb1 Nxc3 48. Ra1 Nxd1 49. Kxd1 Rc3 50. Ke2 Rc7 51. Bd2 1/2-1/2

[Event "H.C Andersen Open"]
[Site "Odense"]
[Date "2013.05.12"]
[Round "3"]
[White "Heinemann, Guido"]
[Black "Jensen, Soren2"]
[Result "1/2-1/2"]
[WhiteElo "1856"]
[BlackElo "1836"]
[PlyCount "55"]
[EventDate "2013.05.08"]
[EventType "swiss"]
[EventRounds "9"]
[EventCountry "DEN"]
[SourceTitle "CBM 154 Extra"]
[Source "ChessBase"]
[SourceDate "2013.06.25"]

1. e4 c6 2. d4 d5 3. Nc3 dxe4 4. f3 exf3 5. Nxf3 Nf6 6. Bc4 e6 7. Bg5 Be7 8.
Qe2 Nd5 9. Bxe7 Qxe7 10. Ne4 Nd7 11. O-O O-O 12. Nfg5 h6 13. Nf3 b6 14. Rf2 Bb7
15. Raf1 N7f6 16. Ng3 Ng4 17. Bxd5 cxd5 18. Nf5 Qc7 19. Nxh6+ gxh6 20. Ne5 Nxf2
21. Rxf2 f6 22. Ng4 Kg7 23. Qe3 Kh8 24. Nxf6 Qg7 25. Qxe6 Bc8 26. Qc6 Bb7 27.
Qe6 Bc8 28. Qc6 1/2-1/2

[Event "H.C Andersen Open"]
[Site "Odense"]
[Date "2013.05.12"]
[Round "3"]
[White "Jannik, Morten Emil"]
[Black "Rostgaard, Tobias Valentin"]
[Result "0-1"]
[WhiteElo "1610"]
[BlackElo "2275"]
[PlyCount "62"]
[EventDate "2013.05.08"]
[EventType "swiss"]
[EventRounds "9"]
[EventCountry "DEN"]
[SourceTitle "CBM 154 Extra"]
[Source "ChessBase"]
[SourceDate "2013.06.25"]

1. e4 c5 2. d4 cxd4 3. c3 Nf6 4. e5 Nd5 5. cxd4 d6 6. Nf3 Nc6 7. Nc3 e6 8. Bd3
dxe5 9. dxe5 Nxc3 10. bxc3 Qa5 11. Bd2 Nxe5 12. Nxe5 Qxe5+ 13. Qe2 Qxe2+ 14.
Bxe2 Bd6 15. O-O Bd7 16. Bc4 Bc6 17. Rfe1 O-O 18. Rad1 Bc5 19. Bf4 Rfd8 20. Bg5
Rxd1 21. Rxd1 b5 22. Bb3 a5 23. Rd2 h6 24. Bf4 a4 25. Bc2 Bd5 26. Bb1 Rc8 27.
Be5 a3 28. h3 Bb6 29. Bd3 f6 30. Bd4 Bxd4 31. cxd4 b4 0-1

[Event "H.C Andersen Open"]
[Site "Odense"]
[Date "2013.05.12"]
[Round "3"]
[White "Jensen, Jakob"]
[Black "Christensen, Kristen Bjorn"]
[Result "1-0"]
[WhiteElo "1802"]
[BlackElo "1579"]
[PlyCount "83"]
[EventDate "2013.05.08"]
[EventType "swiss"]
[EventRounds "9"]
[EventCountry "DEN"]
[SourceTitle "CBM 154 Extra"]
[Source "ChessBase"]
[SourceDate "2013.06.25"]

1. Nf3 d5 2. d4 Nf6 3. Bg5 e6 4. e3 Be7 5. c3 O-O 6. Qc2 c6 7. Bd3 Nbd7 8. h4
Re8 9. Ne5 Nf8 10. Nd2 N6d7 11. Nxd7 Bxd7 12. Bf4 f5 13. Nf3 Ng6 14. Bg3 Rc8
15. Qe2 Rf8 16. h5 Nh8 17. h6 g6 18. Ne5 Nf7 19. Nxf7 Rxf7 20. f4 c5 21. Bf2 c4
22. Bc2 b5 23. g4 fxg4 24. Qxg4 e5 25. Qg2 e4 26. Bd1 Bf5 27. Bg4 Qd7 28. Bh3
Kf8 29. Ke2 a5 30. Rag1 Rc6 31. Bxf5 Qxf5 32. Bh4 Bxh4 33. Rxh4 Rff6 34. Qh2
Kf7 35. Rg5 Qd7 36. Qg2 Rcd6 37. f5 Rxf5 38. Rxf5+ gxf5 39. Qg7+ Ke8 40. Qg8+
Ke7 41. Qxh7+ Ke6 42. Qxd7+ 1-0

[Event "H.C Andersen Open"]
[Site "Odense"]
[Date "2013.05.12"]
[Round "3"]
[White "Nielsen, John Bauneborg"]
[Black "Iversen, Christian"]
[Result "1/2-1/2"]
[WhiteElo "2161"]
[BlackElo "1876"]
[PlyCount "47"]
[EventDate "2013.05.08"]
[EventType "swiss"]
[EventRounds "9"]
[EventCountry "DEN"]
[SourceTitle "CBM 154 Extra"]
[Source "ChessBase"]
[SourceDate "2013.06.25"]

1. d4 d5 2. c4 e6 3. Nc3 c6 4. e4 dxe4 5. Nxe4 Bb4+ 6. Nc3 c5 7. a3 Bxc3+ 8.
bxc3 Nf6 9. Nf3 Nc6 10. Qd3 O-O 11. Be2 Re8 12. O-O e5 13. dxe5 Qxd3 14. Bxd3
Nxe5 15. Nxe5 Rxe5 16. Bf4 Re8 17. Rfe1 Bd7 18. Be5 Bc6 19. f3 Rad8 20. Bf5 Bd7
21. Bxf6 gxf6 22. Rxe8+ Bxe8 23. Be4 Bc6 24. Bxc6 1/2-1/2

[Event "H.C Andersen Open"]
[Site "Odense"]
[Date "2013.05.12"]
[Round "3"]
[White "Nikolov, Momchil"]
[Black "Jacobsen, Bo"]
[Result "1-0"]
[WhiteElo "2532"]
[BlackElo "2319"]
[PlyCount "63"]
[EventDate "2013.05.08"]
[EventType "swiss"]
[EventRounds "9"]
[EventCountry "DEN"]
[SourceTitle "CBM 154 Extra"]
[Source "ChessBase"]
[SourceDate "2013.06.25"]

1. d4 Nf6 2. c4 c5 3. d5 e5 4. Nc3 d6 5. e4 Nbd7 6. Bd3 h5 7. h4 Be7 8. g3 Nf8
9. a3 Ng6 10. Bd2 O-O 11. f3 Bd7 12. Qc2 Qc8 13. Nd1 Bd8 14. Ne3 a6 15. Ne2 b5
16. b3 Rb8 17. Kf2 Bb6 18. Nf5 Qc7 19. Rag1 Bxf5 20. exf5 Ne7 21. Be4 bxc4 22.
bxc4 Ba5 23. Bg5 Nxe4+ 24. fxe4 f6 25. Be3 g6 26. g4 hxg4 27. Rxg4 Kh7 28.
fxg6+ Nxg6 29. Rhg1 Rg8 30. Ng3 Ne7 31. Nh5 Rbf8 32. Rxg8 1-0

[Event "H.C Andersen Open"]
[Site "Odense"]
[Date "2013.05.12"]
[Round "3"]
[White "Ochsner, Bjorn Moller"]
[Black "Christensen, Bo Garner"]
[Result "1-0"]
[WhiteElo "2347"]
[BlackElo "2247"]
[PlyCount "79"]
[EventDate "2013.05.08"]
[EventType "swiss"]
[EventRounds "9"]
[EventCountry "DEN"]
[SourceTitle "CBM 154 Extra"]
[Source "ChessBase"]
[SourceDate "2013.06.25"]

1. e4 c5 2. Nf3 d6 3. d4 cxd4 4. Nxd4 Nf6 5. Nc3 a6 6. Bg5 e6 7. f4 b5 8. e5
dxe5 9. fxe5 Qc7 10. exf6 Qe5+ 11. Be2 Qxg5 12. O-O Ra7 13. Qd3 Rd7 14. Ne4 Qe5
15. Nf3 Qc7 16. Qe3 g6 17. a4 b4 18. Kh1 Bb7 19. Bd3 Nc6 20. Neg5 Nd8 21. Ne5
Bc5 22. Qe2 Rd5 23. Rae1 O-O 24. Nxh7 Rxe5 25. Qxe5 Qxe5 26. Rxe5 Bd4 27. Nxf8
Bxe5 28. Nd7 Bxb2 29. Rd1 a5 30. Nc5 Bxf6 31. Be4 Bxe4 32. Nxe4 Be7 33. Rd7 Kf8
34. Nd6 Nc6 35. Nc4 Ke8 36. Rc7 Nd4 37. Nxa5 Bd8 38. Rc4 Nxc2 39. Rxc2 Bxa5 40.
Rc5 1-0

[Event "H.C Andersen Open"]
[Site "Odense"]
[Date "2013.05.12"]
[Round "3"]
[White "Olsson, Tomas"]
[Black "Matras, Ove"]
[Result "1-0"]
[WhiteElo "1936"]
[BlackElo "1855"]
[PlyCount "65"]
[EventDate "2013.05.08"]
[EventType "swiss"]
[EventRounds "9"]
[EventCountry "DEN"]
[SourceTitle "CBM 154 Extra"]
[Source "ChessBase"]
[SourceDate "2013.06.25"]

1. e4 g6 2. d4 d6 3. c4 f5 4. Nc3 Bg7 5. h3 fxe4 6. Nxe4 Nf6 7. Nxf6+ Bxf6 8.
Nf3 Nc6 9. Be3 e5 10. d5 Ne7 11. g4 c6 12. dxc6 Nxc6 13. Qd2 Be6 14. O-O-O Be7
15. Ng5 Qd7 16. Nxe6 Qxe6 17. g5 O-O-O 18. h4 Kb8 19. Kb1 Qf5+ 20. Qd3 Nb4 21.
Qxf5 gxf5 22. f4 Rdf8 23. a3 Nc6 24. Bg2 exf4 25. Bxf4 Ne5 26. c5 Kc7 27. cxd6+
Bxd6 28. Rxd6 Kxd6 29. Rd1+ Kc5 30. Bxe5 Rd8 31. Rc1+ Kb5 32. Bf1+ Kb6 33. Bc7#
1-0

[Event "H.C Andersen Open"]
[Site "Odense"]
[Date "2013.05.12"]
[Round "3"]
[White "Pedersen, Henrik Bolding"]
[Black "Hylle Wiig, Lennart Moesgaard"]
[Result "1-0"]
[WhiteElo "2125"]
[BlackElo "1856"]
[PlyCount "43"]
[EventDate "2013.05.08"]
[EventType "swiss"]
[EventRounds "9"]
[EventCountry "DEN"]
[SourceTitle "CBM 154 Extra"]
[Source "ChessBase"]
[SourceDate "2013.06.25"]

1. e4 d6 2. d4 Nf6 3. Bd3 g6 4. c3 Bg7 5. Bg5 h6 6. Bf4 Nbd7 7. Nf3 Nh5 8. Be3
e5 9. Qd2 c6 10. O-O g5 11. Na3 Qe7 12. Rad1 O-O 13. Bc2 Kh8 14. dxe5 dxe5 15.
Qd6 Qxd6 16. Rxd6 f6 17. Nc4 Rf7 18. Rfd1 Bf8 19. R6d2 b6 20. Bb3 Rh7 21. Nd6
Ba6 22. Nf7+ 1-0

[Event "H.C Andersen Open"]
[Site "Odense"]
[Date "2013.05.12"]
[Round "3"]
[White "Brondt, Nicolai Kvist"]
[Black "Jensen, Tobias Ilsoe"]
[Result "1-0"]
[WhiteElo "2169"]
[BlackElo "1905"]
[PlyCount "41"]
[EventDate "2013.05.08"]
[EventType "swiss"]
[EventRounds "9"]
[EventCountry "DEN"]
[SourceTitle "CBM 154 Extra"]
[Source "ChessBase"]
[SourceDate "2013.06.25"]

1. Nf3 Nf6 2. c4 e6 3. d4 c5 4. g3 cxd4 5. Nxd4 d5 6. Bg2 e5 7. Nf3 d4 8. O-O
Nc6 9. e3 Be7 10. exd4 exd4 11. Bf4 O-O 12. Ne5 Qb6 13. Nd3 Bf5 14. Na3 Bxa3
15. bxa3 Ne4 16. Rb1 Qa6 17. Bxe4 Bxe4 18. Nc5 Qxc4 19. Nxe4 d3 20. Nd6 Qd4 21.
Rb3 1-0

[Event "H.C Andersen Open"]
[Site "Odense"]
[Date "2013.05.12"]
[Round "3"]
[White "Rasmussen, Jens"]
[Black "Andersen, Bjarne Hjorth"]
[Result "0-1"]
[WhiteElo "1713"]
[BlackElo "2026"]
[PlyCount "88"]
[EventDate "2013.05.08"]
[EventType "swiss"]
[EventRounds "9"]
[EventCountry "DEN"]
[SourceTitle "CBM 154 Extra"]
[Source "ChessBase"]
[SourceDate "2013.06.25"]

1. d4 c6 2. Nf3 d5 3. a3 Bf5 4. b4 e6 5. Bb2 Nf6 6. Nbd2 Bd6 7. e3 Nbd7 8. Be2
Ne4 9. c4 Nxd2 10. Nxd2 Nf6 11. cxd5 exd5 12. O-O Qc7 13. f4 Ne4 14. Rc1 Nxd2
15. Qxd2 Qe7 16. Bf3 O-O 17. g4 Be4 18. Qf2 Rfe8 19. Rfe1 a5 20. Bxe4 Qxe4 21.
bxa5 Rxa5 22. Rc3 Rea8 23. Ra1 Qe7 24. Rb3 Bxa3 25. Bc3 R5a7 26. h4 Qe6 27. Qf3
Be7 28. Rxa7 Rxa7 29. f5 Qd6 30. g5 Ra3 31. Rxa3 Qxa3 32. Be1 Bd6 33. f6 Qd3
34. fxg7 Qe4 35. Qh3 Qe6 36. Qf3 Kxg7 37. h5 b5 38. Ba5 Qe7 39. g6 hxg6 40. Kf1
Qg5 41. hxg6 Qxg6 42. Bd8 b4 43. Ke2 b3 44. Kf1 b2 0-1

[Event "H.C Andersen Open"]
[Site "Odense"]
[Date "2013.05.12"]
[Round "3"]
[White "Rendboe, John Filip"]
[Black "Sorensen, Alex"]
[Result "0-1"]
[WhiteElo "2241"]
[BlackElo "1933"]
[PlyCount "58"]
[EventDate "2013.05.08"]
[EventType "swiss"]
[EventRounds "9"]
[EventCountry "DEN"]
[SourceTitle "CBM 154 Extra"]
[Source "ChessBase"]
[SourceDate "2013.06.25"]

1. d4 d5 2. c4 e5 3. dxe5 d4 4. Nf3 Nc6 5. g3 Be6 6. Nbd2 Nge7 7. Bg2 Qd7 8.
O-O Bh3 9. Nb3 Bxg2 10. Kxg2 O-O-O 11. Qd3 Ng6 12. Qe4 f5 13. exf6 gxf6 14. Rd1
f5 15. Qd3 Nge5 16. Qd2 h5 17. a3 Nxf3 18. exf3 h4 19. Re1 hxg3 20. fxg3 f4 21.
g4 Qh7 22. Kg1 Kb8 23. c5 d3 24. Re4 Nd4 25. Nxd4 Bxc5 26. Kh1 Bxd4 27. Qxf4
Qh3 28. Bd2 Rdf8 29. Rae1 b6 0-1

[Event "H.C Andersen Open"]
[Site "Odense"]
[Date "2013.05.12"]
[Round "3"]
[White "Semcesen, Daniel"]
[Black "Olsen, Aage Dalstrup"]
[Result "1/2-1/2"]
[WhiteElo "2473"]
[BlackElo "2056"]
[PlyCount "44"]
[EventDate "2013.05.08"]
[EventType "swiss"]
[EventRounds "9"]
[EventCountry "DEN"]
[SourceTitle "CBM 154 Extra"]
[Source "ChessBase"]
[SourceDate "2013.06.25"]

1. d4 Nf6 2. c4 e5 3. dxe5 Ng4 4. Nh3 Nxe5 5. e3 Bb4+ 6. Bd2 Bxd2+ 7. Qxd2 d6
8. Nf4 Be6 9. Nxe6 fxe6 10. Nc3 Nbc6 11. O-O-O Qe7 12. f4 Nd7 13. Be2 Nb6 14.
Kb1 O-O-O 15. g3 d5 16. cxd5 exd5 17. Rhe1 Qf6 18. Bf3 d4 19. Ne4 dxe3 20. Qxe3
Rxd1+ 21. Rxd1 Qxb2+ 22. Kxb2 Nc4+ 1/2-1/2

[Event "H.C Andersen Open"]
[Site "Odense"]
[Date "2013.05.12"]
[Round "3"]
[White "Thogersen, Rasmus"]
[Black "Rasmussen, Morten Thor"]
[Result "1-0"]
[WhiteElo "2013"]
[BlackElo "1719"]
[PlyCount "57"]
[EventDate "2013.05.08"]
[EventType "swiss"]
[EventRounds "9"]
[EventCountry "DEN"]
[SourceTitle "CBM 154 Extra"]
[Source "ChessBase"]
[SourceDate "2013.06.25"]

1. e4 e5 2. Nf3 f5 3. Nxe5 Qf6 4. d4 Nc6 5. Nxc6 bxc6 6. exf5 c5 7. Bd3 Bb7 8.
Qh5+ g6 9. fxg6 O-O-O 10. gxh7 cxd4 11. O-O Bd6 12. Nd2 Qg7 13. Ne4 Nf6 14.
Nxd6+ cxd6 15. Qg5 Qe7 16. Bf4 Rdg8 17. hxg8=Q+ Rxg8 18. Bg6 Qg7 19. Bxd6 Ne4
20. Qa5 Nxd6 21. Qc5+ Bc6 22. Qxd6 Bxg2 23. Kxg2 Qf7 24. Qa6+ Kb8 25. Qd3 Rxg6+
26. Kh1 Qd5+ 27. f3 Rh6 28. Qe4 Qh5 29. Qf4+ 1-0

[Event "H.C Andersen Open"]
[Site "Odense"]
[Date "2013.05.10"]
[Round "4"]
[White "Andersen, Bjarne Hjorth"]
[Black "Rasmussen, Morten Thor"]
[Result "0-1"]
[WhiteElo "2026"]
[BlackElo "1719"]
[PlyCount "98"]
[EventDate "2013.05.08"]
[EventType "swiss"]
[EventRounds "9"]
[EventCountry "DEN"]
[SourceTitle "CBM 154 Extra"]
[Source "ChessBase"]
[SourceDate "2013.06.25"]

1. e4 e5 2. Nf3 f5 3. exf5 e4 4. Nd4 Nf6 5. d3 d5 6. Bg5 Bc5 7. Bxf6 Qxf6 8. c3
O-O 9. dxe4 Re8 10. f3 Bxf5 11. Be2 dxe4 12. f4 Rd8 13. Qb3+ Kh8 14. Nxf5 Qxf5
15. g3 Qh3 16. Bf1 Qd7 17. Be2 Nc6 18. Qc2 Be3 19. h3 Qe7 20. Na3 Bxf4 21. gxf4
Qh4+ 22. Kf1 e3 23. Bg4 Rd2 24. Qxd2 exd2 25. Rd1 Re8 26. Kg2 h5 27. Rxd2 Kg8
28. Re2 Rxe2+ 29. Bxe2 Qxf4 30. Rf1 Qg5+ 31. Kf2 h4 32. Ke1 Qc1+ 33. Bd1 Ne5
34. Nc2 Qxb2 35. Kd2 Qxa2 36. Re1 Qd5+ 37. Nd4 c5 38. Bb3 c4 39. Bd1 Nc6 40.
Bf3 Qg5+ 41. Kc2 Nxd4+ 42. cxd4 Qf5+ 43. Be4 Qf2+ 44. Kd1 Qxd4+ 45. Kc2 c3 46.
Bd3 Qa4+ 47. Kb1 Qb3+ 48. Kc1 Qb2+ 49. Kd1 Qd2# 0-1

[Event "H.C Andersen Open"]
[Site "Odense"]
[Date "2013.05.10"]
[Round "4"]
[White "Bjerke, Silje"]
[Black "Olsson, Tomas"]
[Result "1-0"]
[WhiteElo "2210"]
[BlackElo "1936"]
[PlyCount "45"]
[EventDate "2013.05.08"]
[EventType "swiss"]
[EventRounds "9"]
[EventCountry "DEN"]
[SourceTitle "CBM 154 Extra"]
[Source "ChessBase"]
[SourceDate "2013.06.25"]

1. e4 e5 2. Nf3 Nc6 3. Bb5 a6 4. Ba4 Nf6 5. d3 d6 6. c3 Be7 7. Nbd2 O-O 8. O-O
b5 9. Bb3 Na5 10. Bc2 c5 11. Re1 Re8 12. Nf1 h6 13. Ng3 Bf8 14. h3 Qc7 15. Nh2
Bd7 16. Qf3 Qd8 17. Nf5 Kh7 18. Ng4 Nxg4 19. hxg4 g6 20. Nxd6 Bxd6 21. Qxf7+
Kh8 22. Bxh6 Rg8 23. Re3 1-0

[Event "H.C Andersen Open"]
[Site "Odense"]
[Date "2013.05.10"]
[Round "4"]
[White "Bromann, Thorbjorn"]
[Black "Pedersen, Henrik Bolding"]
[Result "1-0"]
[WhiteElo "2368"]
[BlackElo "2125"]
[PlyCount "87"]
[EventDate "2013.05.08"]
[EventType "swiss"]
[EventRounds "9"]
[EventCountry "DEN"]
[SourceTitle "CBM 154 Extra"]
[Source "ChessBase"]
[SourceDate "2013.06.25"]

1. e4 c6 2. d4 d5 3. f3 e5 4. dxe5 Bc5 5. Nc3 Ne7 6. Bd3 O-O 7. Nge2 Ng6 8.
exd5 Nxe5 9. Bf4 Qh4+ 10. Bg3 Qf6 11. Qd2 Nxd3+ 12. cxd3 Bf5 13. d4 Bb4 14. a3
Ba5 15. O-O cxd5 16. b4 Bb6 17. Nxd5 Qd8 18. Nxb6 Qxb6 19. Bf2 Nd7 20. d5 Qg6
21. Rac1 Ne5 22. Bg3 Qb6+ 23. Kh1 Nd7 24. Nd4 Bg6 25. Nb3 Rfe8 26. Nc5 Rad8 27.
d6 Nxc5 28. bxc5 Qb5 29. Rfe1 f6 30. a4 Qc6 31. Qa5 a6 32. Qc7 Qd7 33. Rxe8+
Bxe8 34. Rb1 Rc8 35. Qxd7 Bxd7 36. Rxb7 Rxc5 37. h4 Bxa4 38. d7 Bxd7 39. Rxd7
Rc6 40. Kh2 Rb6 41. Rd6 Rxd6 42. Bxd6 Kf7 43. Kg3 Ke6 44. Bf8 1-0

[Event "H.C Andersen Open"]
[Site "Odense"]
[Date "2013.05.10"]
[Round "4"]
[White "Christensen, Bo Garner"]
[Black "Hylle Wiig, Lennart Moesgaard"]
[Result "1-0"]
[WhiteElo "2247"]
[BlackElo "1856"]
[PlyCount "63"]
[EventDate "2013.05.08"]
[EventType "swiss"]
[EventRounds "9"]
[EventCountry "DEN"]
[SourceTitle "CBM 154 Extra"]
[Source "ChessBase"]
[SourceDate "2013.06.25"]

1. e4 c5 2. Nf3 Nc6 3. c3 d5 4. exd5 Qxd5 5. d4 Bg4 6. Be2 e6 7. h3 Bh5 8. c4
Qd7 9. d5 Bxf3 10. Bxf3 exd5 11. cxd5 Nd4 12. O-O Bd6 13. Bg4 f5 14. Bh5+ g6
15. Be3 Be5 16. Re1 O-O-O 17. Be2 Nf6 18. Nc3 Nxe2+ 19. Qxe2 Bxc3 20. bxc3 Rde8
21. Qb2 b6 22. c4 Ne4 23. a4 Nd6 24. Rec1 Nb7 25. Bf4 Qd8 26. a5 bxa5 27. Rcb1
Qb6 28. Qc3 Qa6 29. Qg7 Nd6 30. Bxd6 Qxd6 31. Qb7+ Kd8 32. Qxa7 1-0

[Event "H.C Andersen Open"]
[Site "Odense"]
[Date "2013.05.10"]
[Round "4"]
[White "Christensen, Kristen Bjorn"]
[Black "Erikstad, Olav Age"]
[Result "0-1"]
[WhiteElo "1579"]
[BlackElo "1836"]
[PlyCount "58"]
[EventDate "2013.05.08"]
[EventType "swiss"]
[EventRounds "9"]
[EventCountry "DEN"]
[SourceTitle "CBM 154 Extra"]
[Source "ChessBase"]
[SourceDate "2013.06.25"]

1. d4 Nf6 2. e3 d5 3. b3 e6 4. Bb2 Bd7 5. Bd3 Nc6 6. c3 Ne7 7. Nf3 Ng6 8. O-O
Bd6 9. Nbd2 O-O 10. Qc2 Re8 11. c4 c6 12. c5 Bc7 13. b4 a5 14. a3 Qb8 15. Rfe1
Ng4 16. Nf1 f5 17. h3 Nf6 18. N1d2 Ne4 19. Nf1 Rf8 20. h4 Qd8 21. h5 Nh4 22.
Qe2 Nxf3+ 23. Qxf3 Qh4 24. Bxe4 fxe4 25. Qh3 Qxf2+ 26. Kh1 Qxb2 27. Qh4 Rf6 28.
Nh2 Qf2 29. Qh3 Qg3 0-1

[Event "H.C Andersen Open"]
[Site "Odense"]
[Date "2013.05.10"]
[Round "4"]
[White "Danielsen, Henrik"]
[Black "Epishin, Vladimir"]
[Result "1/2-1/2"]
[WhiteElo "2500"]
[BlackElo "2603"]
[PlyCount "21"]
[EventDate "2013.05.08"]
[EventType "swiss"]
[EventRounds "9"]
[EventCountry "DEN"]
[SourceTitle "CBM 154 Extra"]
[Source "ChessBase"]
[SourceDate "2013.06.25"]

1. Nf3 g6 2. g3 Bg7 3. Bg2 c5 4. O-O Nc6 5. c3 d5 6. d4 cxd4 7. cxd4 e6 8. Nc3
Nge7 9. Bg5 h6 10. Bxe7 Nxe7 11. e3 1/2-1/2

[Event "H.C Andersen Open"]
[Site "Odense"]
[Date "2013.05.10"]
[Round "4"]
[White "Eriksson, Christian Altenburg"]
[Black "Jannik, Morten Emil"]
[Result "1-0"]
[WhiteElo "2156"]
[BlackElo "1610"]
[PlyCount "43"]
[EventDate "2013.05.08"]
[EventType "swiss"]
[EventRounds "9"]
[EventCountry "DEN"]
[SourceTitle "CBM 154 Extra"]
[Source "ChessBase"]
[SourceDate "2013.06.25"]

1. e4 c6 2. d4 d5 3. e5 Bf5 4. Nf3 e6 5. Be2 Nd7 6. O-O Bg4 7. h3 Bxf3 8. Bxf3
Ne7 9. c3 Ng6 10. Bh5 Be7 11. f4 Qc7 12. Nd2 O-O-O 13. b4 f6 14. Nf3 fxe5 15.
fxe5 Nh4 16. Nxh4 Bxh4 17. Bf7 Nf8 18. Qg4 Be7 19. Qxg7 Ng6 20. Bxe6+ Kb8 21.
Rf7 Rde8 22. Bg5 1-0

[Event "H.C Andersen Open"]
[Site "Odense"]
[Date "2013.05.10"]
[Round "4"]
[White "Hamann, Brian"]
[Black "Nielsen, John Bauneborg"]
[Result "0-1"]
[WhiteElo "1877"]
[BlackElo "2161"]
[PlyCount "74"]
[EventDate "2013.05.08"]
[EventType "swiss"]
[EventRounds "9"]
[EventCountry "DEN"]
[SourceTitle "CBM 154 Extra"]
[Source "ChessBase"]
[SourceDate "2013.06.25"]

1. d4 d5 2. Nf3 e6 3. Bf4 Bd6 4. Bxd6 Qxd6 5. c3 Nd7 6. e3 Ngf6 7. Nbd2 O-O 8.
Bd3 e5 9. dxe5 Nxe5 10. Nxe5 Qxe5 11. Nf3 Qe7 12. h3 c6 13. O-O Be6 14. Nd2
Rad8 15. Qf3 Rfe8 16. Rad1 Bc8 17. Bf5 Bxf5 18. Qxf5 Rd6 19. Rfe1 Re6 20. Qc2
a6 21. Nf3 Ne4 22. Nd4 Rg6 23. Nf3 Ng5 24. Nxg5 Qxg5 25. g3 Rh6 26. Kg2 Qh5 27.
Rh1 Rf6 28. Rhe1 Qf3+ 29. Kg1 Rh6 30. Qe2 Qxe2 31. Rxe2 Rxh3 32. e4 Kf8 33. c4
Rh5 34. cxd5 cxd5 35. Rd4 Rhe5 36. Rb4 b5 37. a4 Rxe4 0-1

[Event "H.C Andersen Open"]
[Site "Odense"]
[Date "2013.05.10"]
[Round "4"]
[White "Iversen, Christian"]
[Black "Thogersen, Rasmus"]
[Result "1/2-1/2"]
[WhiteElo "1876"]
[BlackElo "2013"]
[PlyCount "88"]
[EventDate "2013.05.08"]
[EventType "swiss"]
[EventRounds "9"]
[EventCountry "DEN"]
[SourceTitle "CBM 154 Extra"]
[Source "ChessBase"]
[SourceDate "2013.06.25"]

1. d4 Nf6 2. c4 g6 3. Nc3 Bg7 4. e4 d6 5. f4 O-O 6. Nf3 c5 7. d5 e6 8. Bd3 exd5
9. cxd5 Re8 10. O-O c4 11. Bc2 b5 12. a3 Ng4 13. Nxb5 Qb6+ 14. Nbd4 Nf6 15. Re1
Bg4 16. Kf1 Nbd7 17. h3 Bxf3 18. Nxf3 Nc5 19. e5 Nfd7 20. Qd4 dxe5 21. fxe5
Nxe5 22. Nxe5 Qf6+ 23. Qf4 Rxe5 24. Rxe5 Qxe5 25. Qxe5 Bxe5 26. Be3 Nb3 27. Rd1
Bxb2 28. Rb1 Bxa3 29. Bxb3 cxb3 30. Rxb3 Bd6 31. Rb7 a5 32. Rb6 Bf8 33. d6 a4
34. d7 a3 35. Ra6 Rd8 36. Ra7 a2 37. Bd4 Bg7 38. Bxg7 Kxg7 39. Rxa2 Rxd7 40.
Kf2 Kf6 41. Ra6+ Kg5 42. Ra5+ f5 43. g3 Rd2+ 44. Kf3 Rd3+ 1/2-1/2

[Event "H.C Andersen Open"]
[Site "Odense"]
[Date "2013.05.10"]
[Round "4"]
[White "Jacobsen, Steen Hefsgaard"]
[Black "Heinemann, Guido"]
[Result "0-1"]
[WhiteElo "2041"]
[BlackElo "1856"]
[PlyCount "38"]
[EventDate "2013.05.08"]
[EventType "swiss"]
[EventRounds "9"]
[EventCountry "DEN"]
[SourceTitle "CBM 154 Extra"]
[Source "ChessBase"]
[SourceDate "2013.06.25"]

1. d4 e6 2. Nf3 b6 3. g3 Bb7 4. Bg2 f5 5. O-O Nf6 6. c4 Be7 7. Nc3 O-O 8. Re1
Bb4 9. a3 Bxc3 10. bxc3 Ne4 11. Qc2 Nc6 12. Nd2 Qf6 13. e3 Na5 14. Nxe4 Bxe4
15. Bxe4 fxe4 16. Rf1 Qf3 17. Qa2 Rf6 18. Rb1 Raf8 19. Rb2 h5 0-1